000
00258nam a22001217a 4500
082
_a
005.133-FP SIE'M
100
_a
SIEGEL, C
_9
64750
245
_a
MASTERING FOXPRO 2
250
_a
2ND ED
260
_a
NEW DELHI
_b
BPB
_c
1991
300
_a
582P
942
_c
BK
999
_c
573156
_d
573156